Re Martin`s Application (Record no. 3030)
[ view plain ]
| 000 -LEADER | |
|---|---|
| fixed length control field | 01477cab a2200193 4500 |
| 001 - CONTROL NUMBER | |
| control field | ABS37515 |
| 008 - FIXED-LENGTH DATA ELEMENTS--GENERAL INFORMATION | |
| fixed length control field | 090401t1987 xxu||||| |||| 00| 0 eng d |
| 035 ## - SYSTEM CONTROL NUMBER | |
| System control number | (Sirsi) u5044 |
| 041 ## - LANGUAGE CODE | |
| Language code of text/sound track or separate title | eng |
| 245 ## - TITLE STATEMENT | |
| Title | Re Martin`s Application |
| 260 ## - PUBLICATION, DISTRIBUTION, ETC. | |
| Date of publication, distribution, etc. | 1987 |
| 350 ## - PRICE (NR) (BK AM CF MU VM SE) [OBSOLETE] | |
| Price | 0 |
| 490 ## - SERIES STATEMENT | |
| Series statement | Property and Compensation Reports |
| Volume/sequential designation | (1987) 53 PCR 146-154(9) |
| 520 ## - SUMMARY, ETC. | |
| Summary, etc. | LT 15 October 1986. Application, under the Law of Property Act 1925 s84(1) for the discharge or modification of a restriction imposed on land by an agreement made under the Town and Country Planning Act 1962 s37 (now s52 of the 1971 Act), by the applicant`s predecessor in title. The restricted land formed part of a garden , upon which the applicant wished to erect a dwelling-house. Under the agreement the land was to be used only as a private open space. Held, dismissing the application, that the purpose of the restriction was to protect the amenities of the area and that the provisions of s37, under which the local authority was to be treated as if it owned adjacent land, were intended to give the covenant the validity of a normal restrictive covenant . LT agreed with the local authority, that the new house, if built, would have a cramped appearance to the detriment of the visual amenity of the area. The local authority had a duty to protect the amenities of the area and it would su |
| 650 ## - SUBJECT ADDED ENTRY--TOPICAL TERM | |
| Topical term or geographic name entry element | TOWN AND COUNTRY PLANNING ACT 1971 S52 |
| 690 ## - LOCAL SUBJECT ADDED ENTRY--TOPICAL TERM (OCLC, RLIN) | |
| Topical term or geographic name as entry element | LAND-CASE LAW |
| 942 ## - ADDED ENTRY ELEMENTS (KOHA) | |
| Suppress in OPAC | 0 |
| 948 ## - LOCAL PROCESSING INFORMATION (OCLC); SERIES PART DESIGNATOR (RLIN) | |
| c (OCLC) | 04/03/1997 |
| Withdrawn status | Lost status | Source of classification or shelving scheme | Damaged status | Not for loan | Home library | Current library | Shelving location | Date acquired | Total Checkouts | Full call number | Barcode | Date last seen | Copy number | Price effective from | Koha item type |
|---|---|---|---|---|---|---|---|---|---|---|---|---|---|---|---|
| Dewey Decimal Classification | London | London | Journal article | 14/09/1999 | ABS37515 | 5044-1001 | 06/08/2019 | 1 | 06/08/2019 | Law report |